| 000 | 00440nam a2200181Ia 4500 | ||
|---|---|---|---|
| 005 | 20250603145525.0 | ||
| 008 | 250603s9999 xx 000 0 und d | ||
| 020 | _a9781856175005 | ||
| 050 | _aTJ930 .P535/ | ||
| 100 | _aEdited by McAlliste, E.W. | ||
| 245 | 0 | _aPipeline Rules of Thumb Handbook | |
| 260 | _aOxford | ||
| 260 | _bGulf Professional Publishing | ||
| 260 | _c2022 | ||
| 300 | _a696 p | ||
| 650 | _aOxford | ||
| 942 | _cBK | ||
| 999 |
_c42110 _d42110 |
||